| 000 | 00988nam a22002295i 4500 | ||
|---|---|---|---|
| 001 | 166696 | ||
| 003 | ES-MaACL | ||
| 005 | 20250806063135.0 | ||
| 008 | 990625s1877 sp |||| | spa d | ||
| 040 |
_aCCPB | B _bspa _cCCPB | B |
||
| 080 | _a73.035 | ||
| 100 | 1 |
_aTubino, Francisco María, _d1833-1888 _9111620 |
|
| 245 | 1 | 3 |
_aLa escultura contemporanea _b: Discursos leídos ante la Real Academia de Nobles Artes de San Fernando en la recepción pública del Señor Don Francisco M. Tubino. |
| 260 |
_aMadrid : _bAdministracion de La Academia, _c1877. |
||
| 300 |
_a41 p. ; _c25 cm. |
||
| 505 | 8 | _aDiscurso del ... Sr. Marqués de Monistrol, p. 25-41 | |
| 650 | 4 |
_aEscultura- _yS.XIX. _9148142 |
|
| 700 | 0 |
_aMonistrol, José María Escrivá de Romaní _c, Marqués de. _9130060 |
|
| 710 | 2 |
_aReal Academia de Bellas Artes de San Fernando. _96291 |
|
| 852 |
_aES-MaACL _jF-M-III-N(II) _z-- Enc. pasta española _z-- Enc. en un vol. facticio |
||
| 999 |
_c166696 _d166696 |
||